• 首页
  • 本馆介绍
  • 公告通知
  • 最新文献
  • 馆藏检索
  • 电子资源
  • 读者导购
  • 参考咨询
  • 我的图书馆
  • 登录
  • 详细信息显示
  • 放入我的书架
  • 预约/预借图书
  • 作者相关作品
  • 分类相关作品
  • 丛书相关作品
  • 出版社相关作品

书目信息

  • 表格格式
  • 工作单格式
  • 卡片格式
题名:
松散介质静力学
    
 
作者: B.B.索科洛夫斯基 著 ;徐志英 译
分册:  
出版信息: 北京   地质出版社  1956.07
页数: 301页
开本: 20cm
丛书名:
单 册:
中图分类: O312
科图分类:
主题词: 理论力学 , 一般力学
电子资源:
ISBN:
000 00663nam0 2200217 450
001 0661665983
005 20060731171151.29
010    @dCNY1.70
100    @a20060731d1956 km y0chiy0120 ea
101 0  @achi@crus
102    @aCN@b110000
200 1  @a松散介质静力学@Asong san jie zhi jing li xue@f(苏)B.B.索科洛夫斯基著@F(su)B.B.suo ke luo fu si ji zhu@g徐志英译@Gxu zhi ying yi
210    @a北京@c地质出版社@d1956.07
215    @a301页@d20cm
606 0  @a理论力学
606 0  @a一般力学
690    @aO312@v3
701  0 @aB.B.索科洛夫斯基@AB.B.suo ke luo fu si ji@4著
702  0 @a徐志英@Axu zhi ying@4译
801  0 @aCN@bPFT@c20060731
905    @a10447@dO312@e3
    
    松散介质静力学/(苏)B.B.索科洛夫斯基著/徐志英译.-北京:地质出版社,1956.07
    301页;20cm
    
    
    ISBN :CNY1.70
    
●
相关链接 在E读中查询图书 在五车中查询图书 在当当中查询图书 在豆瓣中查询图书


正题名:松散介质静力学     索取号:O312/3         预约/预借

序号 登录号 条形码 馆藏地/架位号 状态 备注
1 0443194   204431944   密集书库/ [索取号:O312/3] 在馆    
唐山师范学院图书馆 欢迎您!
大连网信软件有限公司© 版权所有